The Increased use of SALB resistant material in Eastern rubber planting (Record no. 46363)
[ view plain ]
| 000 -LEADER | |
|---|---|
| fixed length control field | 00318nam a2200121Ia 4500 |
| 100 ## - MAIN ENTRY--AUTHOR NAME | |
| Personal name | Fernando DM |
| 245 #4 - TITLE STATEMENT | |
| Title | The Increased use of SALB resistant material in Eastern rubber planting |
| 260 ## - PUBLICATION, DISTRIBUTION, ETC. (IMPRINT) | |
| Name of publisher | Not available |
| 300 ## - PHYSICAL DESCRIPTION | |
| Number of Pages | 7p |
| 700 ## - ADDED ENTRY--PERSONAL NAME | |
| Personal name | Peries OS |
| 942 ## - ADDED ENTRY ELEMENTS (KOHA) | |
| Koha item type | Reprints |
| Withdrawn status | Lost status | Damaged status | Not for loan | Home library | Current library | Date acquired | Koha item type |
|---|---|---|---|---|---|---|---|
| Reprints | RRII Library | RRII Library | 22/12/2021 | Reprints |